000 00732nam a2200205 i 4500
001 30510
003 ES-MaACL
005 20251011063056.0
007 t|
008 030124s1973 sp ||||1| spa d
100 1 _aBeltrán, Antonio,
_d1916-2006
_927333
245 1 0 _aDe nuestras tierras y nuestras gentes
_b: charlas radiofónicas emitidas bajo el título "Inquietudes zaragozanas" /
_cAntonio Beltrán ; prólogo de Jesús Muro.
260 _aZaragoza :
_b[s.n.,
_c1973] (
_fImp. Octavio y Félez)
300 _a1 v. :
_bil. ;
_c24 cm.
505 8 _aContiene: T. IV.
651 4 _aAragón-
_xDescripción.
_97788
700 1 _aMuro, Jesús.
_984606
852 _aES-MaACL
_jP-1563
_bR.86238
999 _c30510
_d30510